000 00678nam a22001937a 4500
003 OSt
005 20260113063314.0
008 260113b |||||||| |||| 00| 0 eng d
020 _a13 : 978-0-7391-2908-1.
040 _aDWCL-Main lib
_cOC
082 _aCirc. 320.3 N532 2008
100 _aHolmes, Jennifer S.
245 _aNew approaches to comparative politics :
_binsights from political theory
_cHolmes, Jennifer S.
260 _aLanham, MD :
_bLexingtor Books,
_cc2008.
300 _a168 pages :
_billustration ;
_c23 cm.
504 _aIncludes bibliographical references & index.
650 _21. Comparative government-Study and teaching
942 _2ddc
_cBK-CIRC
_kCirc.
_n0
999 _c7333
_d7333